[Event "Vrbas"]
[Site "Vrbas"]
[Date "1980.??.??"]
[Round "?"]
[White "Adorjan, Andras"]
[Black "Petrosian, Tigran V"]
[Result "1/2-1/2"]
[WhiteElo "2550"]
[BlackElo "2615"]
[PlyCount "42"]
[EventDate "1980.??.??"]
[EventType "tourn"]
[EventRounds "11"]
[EventCountry "YUG"]
[Source "ChessBase"]
[SourceDate "1998.11.10"]
[WhiteTeamCountry "GER"]
[BlackTeamCountry "HUN"]

1. e4 e5 2. Nf3 Nc6 3. Bb5 a6 4. Ba4 Nf6 5. O-O Be7 6. Re1 b5 7. Bb3 O-O 8. c3
d6 9. h3 Nb8 10. d4 Nbd7 11. Nbd2 Bb7 12. Bc2 Re8 13. Nf1 Bf8 14. Ng3 g6 15. a4
c5 16. d5 c4 17. Bg5 Bg7 18. Ra3 Nc5 19. Qe2 Qc7 20. Rea1 Nfd7 21. axb5 axb5
1/2-1/2

[Event "Vrbas"]
[Site "Vrbas"]
[Date "1980.??.??"]
[Round "?"]
[White "Adorjan, Andras"]
[Black "Popovic, Petar"]
[Result "1-0"]
[WhiteElo "2550"]
[BlackElo "2490"]
[PlyCount "53"]
[EventDate "1980.??.??"]
[EventType "tourn"]
[EventRounds "11"]
[EventCountry "YUG"]
[Source "ChessBase"]
[SourceDate "1998.11.10"]
[WhiteTeamCountry "GER"]
[BlackTeamCountry "HUN"]

1. c4 Nf6 2. Nc3 d5 3. cxd5 Nxd5 4. g3 g6 5. Bg2 Nxc3 6. bxc3 Bg7 7. Rb1 Nd7 8.
Nf3 O-O 9. O-O Nb6 10. Ng5 Rb8 11. Qc2 Bd7 12. d3 Ba4 13. Qd2 Qd7 14. c4 Rfd8
15. c5 Nd5 16. Nxf7 Kxf7 17. Bxd5+ Qxd5 18. Qf4+ Bf6 19. Qxa4 Qxc5 20. Be3 Qh5
21. Rfe1 Kg7 22. Bxa7 Ra8 23. Rxb7 Rd5 24. Qc4 c6 25. Qxc6 Rad8 26. Bb6 R8d6
27. Qc8 1-0

[Event "Candidates qf2"]
[Site "Bad Lauterberg"]
[Date "1980.??.??"]
[Round "4"]
[White "Adorjan, Andras"]
[Black "Huebner, Robert"]
[Result "1/2-1/2"]
[WhiteElo "2550"]
[BlackElo "2600"]
[PlyCount "25"]
[EventDate "1980.03.??"]
[EventType "match"]
[EventRounds "10"]
[EventCountry "GER"]
[Source "ChessBase"]
[SourceDate "1999.07.01"]
[WhiteTeamCountry "ENG"]
[BlackTeamCountry "HUN"]

1. e4 e6 2. d4 d5 3. Nd2 c5 4. Ngf3 Nc6 5. exd5 exd5 6. Bb5 Bd6 7. dxc5 Bxc5 8.
Nb3 Bb6 9. O-O Nge7 10. Re1 O-O 11. Be3 Bf5 12. Bd3 d4 13. Bg5 1/2-1/2

[Event "London BBC TV-B"]
[Site "London"]
[Date "1981.??.??"]
[Round "1"]
[White "Adorjan, Andras"]
[Black "Short, Nigel"]
[Result "1/2-1/2"]
[WhiteElo "2545"]
[BlackElo "2440"]
[PlyCount "42"]
[EventDate "1981.??.??"]
[EventType "tourn"]
[EventRounds "3"]
[EventCountry "ENG"]
[Source "ChessBase"]
[SourceDate "2003.11.25"]
[WhiteTeamCountry "ENG"]
[BlackTeamCountry "HUN"]

1. e4 g6 2. d4 Bg7 3. Nc3 d6 4. f4 Nf6 5. Nf3 O-O 6. Bd3 Na6 7. O-O c5 8. d5
Rb8 9. Kh1 b6 10. Nb5 Nb4 11. Nxa7 Bd7 12. c4 Ra8 13. Nb5 Nxa2 14. Bd2 Bxb5 15.
cxb5 Nh5 16. Bc4 Nb4 17. Qb3 Qd7 18. g3 Qg4 19. Be2 Nxg3+ 20. hxg3 Qxg3 21.
Rxa8 Qh3+ 1/2-1/2

[Event "London BBC TV-B"]
[Site "London"]
[Date "1981.??.??"]
[Round "2"]
[White "Christiansen, Larry"]
[Black "Adorjan, Andras"]
[Result "1/2-1/2"]
[WhiteElo "2515"]
[BlackElo "2545"]
[PlyCount "60"]
[EventDate "1981.??.??"]
[EventType "tourn"]
[EventRounds "3"]
[EventCountry "ENG"]
[Source "ChessBase"]
[SourceDate "2003.11.25"]
[WhiteTeamCountry "ENG"]
[BlackTeamCountry "HUN"]

1. Nf3 Nf6 2. g3 b6 3. d4 Bb7 4. c4 e6 5. Bg2 Bb4+ 6. Bd2 Be7 7. Nc3 O-O 8. O-O
Na6 9. Qa4 Qc8 10. Bg5 Re8 11. Bxf6 Bxf6 12. e4 d6 13. Rfe1 Nb8 14. Rad1 a6 15.
e5 dxe5 16. dxe5 Be7 17. Ne4 Nc6 18. Qc2 h6 19. a3 Rd8 20. g4 Rxd1 21. Rxd1 Qe8
22. g5 Rd8 23. gxh6 gxh6 24. Re1 Nd4 25. Nxd4 Rxd4 26. Qc3 Qd8 27. Qg3+ Kh8 28.
Qf4 Kg7 29. Qg3+ Kh8 30. Qf4 Kg7 1/2-1/2

[Event "London BBC TV-B"]
[Site "London"]
[Date "1981.??.??"]
[Round "3"]
[White "Hecht, Hans Joachim"]
[Black "Adorjan, Andras"]
[Result "0-1"]
[WhiteElo "2475"]
[BlackElo "2545"]
[PlyCount "52"]
[EventDate "1981.??.??"]
[EventType "tourn"]
[EventRounds "3"]
[EventCountry "ENG"]
[Source "ChessBase"]
[SourceDate "2003.11.25"]
[WhiteTeamCountry "ENG"]
[BlackTeamCountry "HUN"]

1. e4 c5 2. Nf3 Nc6 3. Bb5 g6 4. O-O Bg7 5. Re1 Nf6 6. e5 Nd5 7. Nc3 Nc7 8.
Bxc6 dxc6 9. Ne4 Ne6 10. b4 cxb4 11. d4 O-O 12. a3 bxa3 13. c4 b5 14. Bxa3 bxc4
15. Qa4 Nf4 16. Qxc4 Bg4 17. Nfd2 Re8 18. Bc5 a5 19. Ra4 Be6 20. Qc3 Bd5 21.
Qg3 Ne6 22. Qa3 Bh6 23. Ra1 f5 24. exf6 exf6 25. Qb2 Nf4 26. f3 f5 0-1

[Event "Hoogovens+"]
[Site "Wijk aan Zee"]
[Date "1981.01.18"]
[Round "3"]
[White "Adorjan, Andras"]
[Black "Taimanov, Mark"]
[Result "1/2-1/2"]
[WhiteElo "2545"]
[BlackElo "2500"]
[PlyCount "40"]
[EventDate "1981.01.16"]
[EventType "tourn"]
[EventRounds "13"]
[EventCountry "NED"]
[EventCategory "12"]
[Source "ChessBase"]
[SourceDate "1999.07.01"]
[WhiteTeamCountry "ENG"]
[BlackTeamCountry "HUN"]

1. Nf3 Nf6 2. g3 b6 3. Bg2 Bb7 4. c4 e6 5. O-O Be7 6. d4 O-O 7. Nc3 Ne4 8. Nxe4
Bxe4 9. Ne1 Bxg2 10. Nxg2 d5 11. Qa4 Qe8 12. Qxe8 Rxe8 13. cxd5 exd5 14. Nf4 c6
15. Be3 Bd6 16. Nd3 f6 17. Rac1 Kf7 18. Rfd1 Ke6 19. Bf4 Bxf4 20. Nxf4+ Kd6
1/2-1/2

[Event "Eduard Lasker Memorial"]
[Site "New York"]
[Date "1981.??.??"]
[Round "1"]
[White "Day, Lawrence A"]
[Black "Adorjan, Andras"]
[Result "1-0"]
[WhiteElo "2430"]
[BlackElo "2545"]
[PlyCount "149"]
[EventDate "1981.04.??"]
[EventType "tourn"]
[EventRounds "13"]
[EventCountry "USA"]
[EventCategory "9"]
[Source "ChessBase"]
[SourceDate "1999.07.01"]
[WhiteTeamCountry "ENG"]
[BlackTeamCountry "HUN"]

1. e4 c5 2. f4 g6 3. Nc3 Bg7 4. g3 Nc6 5. Bg2 d6 6. d3 e6 7. Nf3 Nge7 8. O-O
O-O 9. Be3 Nd4 10. Rb1 b6 11. Ne2 Nxf3+ 12. Bxf3 Bb7 13. c3 f5 14. Qc2 Qc7 15.
c4 Rae8 16. Bf2 e5 17. fxe5 Bxe5 18. Nc3 Qb8 19. Nd5 fxe4 20. Bxe4 Nxd5 21.
cxd5 Qa8 22. Qc4 b5 23. Qxb5 Bxd5 24. Bxd5+ Qxd5 25. Qc4 Qxc4 26. dxc4 Rf3 27.
b3 Ref8 28. Rbe1 Rd3 29. Re2 Rf5 30. Bxc5 Rxf1+ 31. Kxf1 Rd1+ 32. Kg2 dxc5 33.
Rxe5 Rd2+ 34. Kh3 Rxa2 35. Rxc5 a5 36. Kg4 Kg7 37. Rc7+ Kh6 38. h4 Rb2 39. Ra7
Rxb3 40. Rxa5 Rd3 41. Rc5 Rd4+ 42. Kf3 Kg7 43. Rc8 h6 44. Rc6 Kf7 45. Rc7+ Kf6
46. Rc8 Kf7 47. c5 Rc4 48. c6 Kf6 49. Ke3 Kf5 50. Kd3 Rc1 51. Kd4 Kg4 52. Kd5
g5 53. Rg8 Rd1+ 54. Ke5 Re1+ 55. Kd5 Rd1+ 56. Ke6 Rc1 57. Kd7 Rd1+ 58. Ke8 Re1+
59. Kf7 Rf1+ 60. Ke7 Re1+ 61. Kd7 Rd1+ 62. Kc8 Rd3 63. c7 Rxg3 64. h5 Rd3 65.
Rd8 Rc3 66. Kd7 Kxh5 67. c8=Q Rxc8 68. Rxc8 Kg4 69. Ke6 h5 70. Rc4+ Kh3 71. Kf5
g4 72. Kf4 g3 73. Kf3 h4 74. Rb4 g2 75. Kf2 1-0

[Event "Eduard Lasker Memorial"]
[Site "New York"]
[Date "1981.??.??"]
[Round "2"]
[White "Gruenfeld, Yehuda"]
[Black "Adorjan, Andras"]
[Result "1/2-1/2"]
[WhiteElo "2500"]
[BlackElo "2545"]
[PlyCount "38"]
[EventDate "1981.04.??"]
[EventType "tourn"]
[EventRounds "13"]
[EventCountry "USA"]
[EventCategory "9"]
[Source "ChessBase"]
[SourceDate "1999.07.01"]
[WhiteTeamCountry "ENG"]
[BlackTeamCountry "HUN"]

1. e4 c5 2. Nf3 Nc6 3. d4 cxd4 4. Nxd4 Nf6 5. Nc3 e6 6. Ndb5 d6 7. Bf4 e5 8.
Bg5 a6 9. Na3 b5 10. Nd5 Be7 11. Bxf6 Bxf6 12. c3 O-O 13. Nc2 Bg5 14. a4 bxa4
15. Rxa4 a5 16. Bc4 Rb8 17. b3 Kh8 18. O-O f5 19. exf5 Bxf5 1/2-1/2

[Event "Eduard Lasker Memorial"]
[Site "New York"]
[Date "1981.??.??"]
[Round "3"]
[White "Adorjan, Andras"]
[Black "Watson, John L"]
[Result "1-0"]
[WhiteElo "2545"]
[BlackElo "2430"]
[PlyCount "62"]
[EventDate "1981.04.??"]
[EventType "tourn"]
[EventRounds "13"]
[EventCountry "USA"]
[EventCategory "9"]
[Source "ChessBase"]
[SourceDate "1999.07.01"]
[WhiteTeamCountry "ENG"]
[BlackTeamCountry "HUN"]

1. e4 e6 2. d4 d5 3. Nd2 Nf6 4. e5 Nfd7 5. c3 c5 6. f4 Nc6 7. Ndf3 Qa5 8. Be3
b5 9. dxc5 b4 10. Nd4 Qxc5 11. Qa4 bxc3 12. Qxc6 cxb2 13. Rb1 Qa3 14. Kf2 Rb8
15. f5 Bb7 16. Qc7 Ba6 17. Qxa7 Qxa2 18. Ngf3 Bc4 19. Qxa2 Bxa2 20. Bb5 Ba3 21.
fxe6 fxe6 22. Nxe6 Bxb1 23. Rxb1 Ke7 24. Ned4 Rhc8 25. Nc6+ Rxc6 26. Bxc6 Rc8
27. Bg5+ Ke6 28. Nd4+ Kxe5 29. Bxd7 Rc1 30. Nf3+ Kd6 31. Bf5 Bc5+ 1-0

[Event "Eduard Lasker Memorial"]
[Site "New York"]
[Date "1981.??.??"]
[Round "4"]
[White "Iskov, Gert"]
[Black "Adorjan, Andras"]
[Result "1/2-1/2"]
[WhiteElo "2395"]
[BlackElo "2545"]
[PlyCount "30"]
[EventDate "1981.04.??"]
[EventType "tourn"]
[EventRounds "13"]
[EventCountry "USA"]
[EventCategory "9"]
[Source "ChessBase"]
[SourceDate "1999.07.01"]
[WhiteTeamCountry "ENG"]
[BlackTeamCountry "HUN"]

1. e4 c5 2. Nf3 e6 3. d4 cxd4 4. Nxd4 Nf6 5. Nc3 d6 6. g3 Nc6 7. Bg2 Bd7 8. O-O
Be7 9. Nxc6 Bxc6 10. a4 O-O 11. Be3 Qc7 12. Qe2 b6 13. Rfd1 Rfd8 14. Rd4 a6 15.
Rad1 Qb7 1/2-1/2

[Event "Eduard Lasker Memorial"]
[Site "New York"]
[Date "1981.??.??"]
[Round "5"]
[White "Adorjan, Andras"]
[Black "Tisdall, Jonathan D"]
[Result "1-0"]
[WhiteElo "2545"]
[BlackElo "2410"]
[PlyCount "45"]
[EventDate "1981.04.??"]
[EventType "tourn"]
[EventRounds "13"]
[EventCountry "USA"]
[EventCategory "9"]
[Source "ChessBase"]
[SourceDate "1999.07.01"]
[WhiteTeamCountry "ENG"]
[BlackTeamCountry "HUN"]

1. c4 e6 2. Nc3 c5 3. Nf3 Nc6 4. d4 d5 5. cxd5 exd5 6. g3 c4 7. Bg2 Bb4 8. O-O
Nge7 9. e4 O-O 10. exd5 Nxd5 11. Bg5 f6 12. Nxd5 Qxd5 13. Be3 Qf7 14. d5 Rd8
15. dxc6 Rxd1 16. Rfxd1 Ba5 17. Nd4 a6 18. b4 Bxb4 19. Rab1 a5 20. a3 bxc6 21.
axb4 axb4 22. Nxc6 Bg4 23. Nxb4 1-0

[Event "Eduard Lasker Memorial"]
[Site "New York"]
[Date "1981.??.??"]
[Round "7"]
[White "Adorjan, Andras"]
[Black "Lein, Anatoly"]
[Result "1/2-1/2"]
[WhiteElo "2545"]
[BlackElo "2485"]
[PlyCount "27"]
[EventDate "1981.04.??"]
[EventType "tourn"]
[EventRounds "13"]
[EventCountry "USA"]
[EventCategory "9"]
[Source "ChessBase"]
[SourceDate "1999.07.01"]
[WhiteTeamCountry "ENG"]
[BlackTeamCountry "HUN"]

1. e4 e6 2. d4 d5 3. Nd2 c5 4. exd5 Qxd5 5. Ngf3 cxd4 6. Bc4 Qd6 7. O-O Nc6 8.
Nb3 Nf6 9. Nbxd4 Nxd4 10. Nxd4 Bd7 11. b3 Be7 12. Bb2 O-O 13. Qe2 Qf4 14. Rad1
1/2-1/2

[Event "Eduard Lasker Memorial"]
[Site "New York"]
[Date "1981.??.??"]
[Round "9"]
[White "Adorjan, Andras"]
[Black "Henley, Ron W"]
[Result "1/2-1/2"]
[WhiteElo "2545"]
[BlackElo "2440"]
[PlyCount "29"]
[EventDate "1981.04.??"]
[EventType "tourn"]
[EventRounds "13"]
[EventCountry "USA"]
[EventCategory "9"]
[Source "ChessBase"]
[SourceDate "1999.07.01"]
[WhiteTeamCountry "ENG"]
[BlackTeamCountry "HUN"]

1. c4 e5 2. Nc3 Nc6 3. g3 g6 4. Bg2 Bg7 5. e4 d6 6. d3 h5 7. h4 Nd4 8. Nce2 Ne6
9. Nf3 Ne7 10. Ng5 f6 11. Nxe6 Bxe6 12. Be3 c6 13. O-O f5 14. Bg5 Qd7 15. Rc1
1/2-1/2

[Event "Eduard Lasker Memorial"]
[Site "New York"]
[Date "1981.??.??"]
[Round "10"]
[White "Kuligowski, Adam"]
[Black "Adorjan, Andras"]
[Result "1/2-1/2"]
[WhiteElo "2450"]
[BlackElo "2545"]
[PlyCount "83"]
[EventDate "1981.04.??"]
[EventType "tourn"]
[EventRounds "13"]
[EventCountry "USA"]
[EventCategory "9"]
[Source "ChessBase"]
[SourceDate "1999.07.01"]
[WhiteTeamCountry "ENG"]
[BlackTeamCountry "HUN"]

1. d4 Nf6 2. c4 g6 3. Nc3 d5 4. Nf3 Bg7 5. cxd5 Nxd5 6. e4 Nxc3 7. bxc3 c5 8.
Be3 Qa5 9. Nd2 cxd4 10. cxd4 Nc6 11. d5 Nd4 12. Rc1 Qxa2 13. Bc4 Qb2 14. Bxd4
Qxd4 15. Bb5+ Kf8 16. O-O Bh6 17. Rc2 a6 18. Be2 Bd7 19. Qb1 Rc8 20. Nf3 Qf6
21. e5 Qf4 22. Ra2 Bg4 23. Qxb7 Kg7 24. Qxe7 Rhe8 25. Qf6+ Qxf6 26. exf6+ Kxf6
27. Rxa6+ Kg7 28. Bb5 Bxf3 29. gxf3 Re5 30. Rd1 Bf4 31. h4 Rc5 32. Bc6 Re2 33.
d6 Rcc2 34. d7 Rxf2 35. d8=Q Rg2+ 36. Kf1 Rgf2+ 37. Kg1 Rg2+ 38. Kf1 Rgf2+ 39.
Kg1 Rg2+ 40. Kf1 Be3 41. Qd4+ Bxd4 42. Rxd4 1/2-1/2

[Event "Eduard Lasker Memorial"]
[Site "New York"]
[Date "1981.??.??"]
[Round "11"]
[White "Adorjan, Andras"]
[Black "Fedorowicz, John P"]
[Result "1-0"]
[WhiteElo "2545"]
[BlackElo "2435"]
[PlyCount "65"]
[EventDate "1981.04.??"]
[EventType "tourn"]
[EventRounds "13"]
[EventCountry "USA"]
[EventCategory "9"]
[Source "ChessBase"]
[SourceDate "1999.07.01"]
[WhiteTeamCountry "ENG"]
[BlackTeamCountry "HUN"]

1. c4 Nf6 2. Nc3 e5 3. Nf3 Nc6 4. g3 d5 5. cxd5 Nxd5 6. Bg2 Nb6 7. d3 Be7 8. a3
Be6 9. O-O f5 10. b4 Bf6 11. e4 O-O 12. exf5 Bxf5 13. Qb3+ Kh8 14. Ne4 Bg4 15.
Bb2 Bxf3 16. Bxf3 Be7 17. Bg2 Nd4 18. Bxd4 Qxd4 19. Rac1 c6 20. Nc5 Rfb8 21.
Be4 Nd7 22. Nxb7 Rxb7 23. Bxc6 Qb6 24. Qd5 Rab8 25. Bxd7 Qd8 26. Bc6 Qxd5 27.
Bxd5 Rd7 28. Be4 a5 29. bxa5 Bxa3 30. Rb1 Rf8 31. Rb5 Ra7 32. Ra1 Bd6 33. a6
1-0

[Event "Eduard Lasker Memorial"]
[Site "New York"]
[Date "1981.??.??"]
[Round "12"]
[White "Antunac, Goran"]
[Black "Adorjan, Andras"]
[Result "1/2-1/2"]
[WhiteElo "2435"]
[BlackElo "2545"]
[PlyCount "108"]
[EventDate "1981.04.??"]
[EventType "tourn"]
[EventRounds "13"]
[EventCountry "USA"]
[EventCategory "9"]
[Source "ChessBase"]
[SourceDate "1999.07.01"]
[WhiteTeamCountry "ENG"]
[BlackTeamCountry "HUN"]

1. c4 c5 2. g3 g6 3. Bg2 Bg7 4. Nc3 Nc6 5. e3 e5 6. Nge2 Nge7 7. O-O d6 8. d3
O-O 9. Rb1 Be6 10. Nd5 Rb8 11. Nec3 a6 12. a4 Nb4 13. Nxb4 cxb4 14. Nd5 Nxd5
15. Bxd5 Bxd5 16. cxd5 f5 17. Qb3 a5 18. Bd2 Qd7 19. Rbc1 f4 20. exf4 Bh6 21.
Kg2 exf4 22. f3 Rbc8 23. Rc4 Rxc4 24. dxc4 Re8 25. Re1 Bg7 26. Qc2 g5 27. b3
fxg3 28. hxg3 g4 29. Rxe8+ Qxe8 30. Bf4 gxf3+ 31. Kxf3 Qh5+ 32. Kg2 Be5 33. Qe4
Bxf4 34. Qe6+ Kg7 35. Qd7+ Qf7 36. Qg4+ Kh6 37. Qh4+ Kg6 38. gxf4 Qf5 39. Qg3+
Kf7 40. Qf3 Kf6 41. Qe3 h5 42. Qd4+ Kg6 43. Qe3 Qg4+ 44. Kh2 Kf6 45. Qe4 b6 46.
Qe3 h4 47. Qe4 Qg3+ 48. Kh1 Qh3+ 49. Kg1 Qf5 50. Qe3 Qb1+ 51. Kh2 Qb2+ 52. Kh1
Qb1+ 53. Kh2 Qc2+ 54. Kh1 Qb1+ 1/2-1/2

[Event "Eduard Lasker Memorial"]
[Site "New York"]
[Date "1981.??.??"]
[Round "13"]
[White "Adorjan, Andras"]
[Black "Burger, Karl"]
[Result "1/2-1/2"]
[WhiteElo "2545"]
[BlackElo "2405"]
[PlyCount "44"]
[EventDate "1981.04.??"]
[EventType "tourn"]
[EventRounds "13"]
[EventCountry "USA"]
[EventCategory "9"]
[Source "ChessBase"]
[SourceDate "1999.07.01"]
[WhiteTeamCountry "ENG"]
[BlackTeamCountry "HUN"]

1. e4 c6 2. d4 d5 3. Nd2 dxe4 4. Nxe4 Nd7 5. Bc4 Ngf6 6. Ng5 e6 7. Qe2 Nb6 8.
Bd3 h6 9. N5f3 c5 10. dxc5 Nbd7 11. Ne5 Nxe5 12. Qxe5 Nd7 13. Qe2 Nxc5 14. Bb5+
Bd7 15. Bxd7+ Nxd7 16. Nf3 Be7 17. O-O Qc7 18. Rd1 Rd8 19. b3 Bf6 20. Rb1 Qa5
21. Bb2 Bxb2 22. Rxb2 O-O 1/2-1/2

[Event "HUN-ch"]
[Site "Budapest"]
[Date "1981.??.??"]
[Round "?"]
[White "Adorjan, Andras"]
[Black "Farago, Ivan"]
[Result "1/2-1/2"]
[WhiteElo "2545"]
[BlackElo "2535"]
[PlyCount "42"]
[EventDate "1981.06.??"]
[EventType "tourn"]
[EventRounds "9"]
[EventCountry "HUN"]
[EventCategory "12"]
[Source "ChessBase"]
[SourceDate "1999.07.01"]
[WhiteTeamCountry "ENG"]
[BlackTeamCountry "HUN"]

1. c4 Nf6 2. Nc3 e5 3. Nf3 Nc6 4. g3 Bb4 5. Bg2 O-O 6. O-O e4 7. Ne1 Bxc3 8.
dxc3 h6 9. Nc2 Re8 10. Ne3 d6 11. Qc2 Bd7 12. Bd2 Rb8 13. b3 b6 14. f4 exf3 15.
exf3 Ne5 16. f4 Neg4 17. Nxg4 Nxg4 18. Rae1 Rxe1 19. Rxe1 Qf8 20. Qd3 Re8 21.
h3 Rxe1+ 1/2-1/2

[Event "HUN-ch"]
[Site "Budapest"]
[Date "1981.??.??"]
[Round "?"]
[White "Adorjan, Andras"]
[Black "Pinter, Jozsef"]
[Result "1/2-1/2"]
[WhiteElo "2545"]
[BlackElo "2550"]
[PlyCount "39"]
[EventDate "1981.06.??"]
[EventType "tourn"]
[EventRounds "9"]
[EventCountry "HUN"]
[EventCategory "12"]
[Source "ChessBase"]
[SourceDate "1999.07.01"]
[WhiteTeamCountry "ENG"]
[BlackTeamCountry "HUN"]

1. c4 Nf6 2. Nc3 e6 3. Nf3 d5 4. d4 c5 5. cxd5 Nxd5 6. e4 Nxc3 7. bxc3 cxd4 8.
cxd4 Nc6 9. Bc4 b5 10. Bd3 Bb4+ 11. Bd2 Bxd2+ 12. Qxd2 a6 13. d5 exd5 14. exd5
Qxd5 15. O-O Be6 16. Qe3 O-O 17. Be4 Qd7 18. Rad1 Qe8 19. Rd6 Ne7 20. Rxe6
1/2-1/2

[Event "HUN-ch"]
[Site "Budapest"]
[Date "1981.??.??"]
[Round "?"]
[White "Adorjan, Andras"]
[Black "Sax, Gyula"]
[Result "1/2-1/2"]
[WhiteElo "2545"]
[BlackElo "2560"]
[PlyCount "21"]
[EventDate "1981.06.??"]
[EventType "tourn"]
[EventRounds "9"]
[EventCountry "HUN"]
[EventCategory "12"]
[Source "ChessBase"]
[SourceDate "1999.07.01"]
[WhiteTeamCountry "ENG"]
[BlackTeamCountry "HUN"]

1. c4 Nf6 2. Nc3 g6 3. g3 Bg7 4. Bg2 O-O 5. e4 d6 6. Nge2 c6 7. h3 a6 8. d3 b5
9. Be3 Bb7 10. Qd2 Nbd7 11. Rc1 1/2-1/2

[Event "HUN-ch"]
[Site "Budapest"]
[Date "1981.??.??"]
[Round "?"]
[White "Csom, Istvan"]
[Black "Adorjan, Andras"]
[Result "1/2-1/2"]
[WhiteElo "2500"]
[BlackElo "2545"]
[PlyCount "27"]
[EventDate "1981.06.??"]
[EventType "tourn"]
[EventRounds "9"]
[EventCountry "HUN"]
[EventCategory "12"]
[Source "ChessBase"]
[SourceDate "1999.07.01"]
[WhiteTeamCountry "ENG"]
[BlackTeamCountry "HUN"]

1. d4 Nf6 2. c4 g6 3. Nf3 Bg7 4. g3 O-O 5. Bg2 d6 6. Nc3 Nc6 7. O-O a6 8. d5
Na5 9. Nd2 c5 10. Rb1 Rb8 11. b3 b5 12. Bb2 Bh6 13. cxb5 axb5 14. Nde4 1/2-1/2

[Event "HUN-ch"]
[Site "Budapest"]
[Date "1981.??.??"]
[Round "?"]
[White "Forintos, Gyozo"]
[Black "Adorjan, Andras"]
[Result "1/2-1/2"]
[WhiteElo "2465"]
[BlackElo "2545"]
[PlyCount "33"]
[EventDate "1981.06.??"]
[EventType "tourn"]
[EventRounds "9"]
[EventCountry "HUN"]
[EventCategory "12"]
[Source "ChessBase"]
[SourceDate "1999.07.01"]
[WhiteTeamCountry "ENG"]
[BlackTeamCountry "HUN"]

1. d4 Nf6 2. c4 e6 3. Nc3 Bb4 4. Qc2 c5 5. dxc5 O-O 6. a3 Bxc5 7. Nf3 Nc6 8.
Bg5 Nd4 9. Nxd4 Bxd4 10. e3 Qa5 11. exd4 Qxg5 12. g3 b6 13. f4 Qh5 14. Be2 Qh3
15. Bf1 Qh5 16. Be2 Qh3 17. Bf1 1/2-1/2

[Event "HUN-ch"]
[Site "Budapest"]
[Date "1981.??.??"]
[Round "?"]
[White "Groszpeter, Attila"]
[Black "Adorjan, Andras"]
[Result "1/2-1/2"]
[WhiteElo "2435"]
[BlackElo "2545"]
[PlyCount "28"]
[EventDate "1981.06.??"]
[EventType "tourn"]
[EventRounds "9"]
[EventCountry "HUN"]
[EventCategory "12"]
[Source "ChessBase"]
[SourceDate "1999.07.01"]
[WhiteTeamCountry "ENG"]
[BlackTeamCountry "HUN"]

1. e4 c5 2. Nf3 Nc6 3. d4 cxd4 4. Nxd4 Nf6 5. Nc3 e6 6. Ndb5 d6 7. Bf4 e5 8.
Bg5 a6 9. Na3 b5 10. Nd5 Be7 11. Bxf6 Bxf6 12. c3 O-O 13. Nc2 Bg5 14. g3 Ne7
1/2-1/2

[Event "HUN-ch"]
[Site "Budapest"]
[Date "1981.??.??"]
[Round "?"]
[White "Lukacs, Peter"]
[Black "Adorjan, Andras"]
[Result "1/2-1/2"]
[WhiteElo "2465"]
[BlackElo "2545"]
[PlyCount "33"]
[EventDate "1981.06.??"]
[EventType "tourn"]
[EventRounds "9"]
[EventCountry "HUN"]
[EventCategory "12"]
[Source "ChessBase"]
[SourceDate "1999.07.01"]
[WhiteTeamCountry "ENG"]
[BlackTeamCountry "HUN"]

1. d4 Nf6 2. c4 g6 3. Nc3 d5 4. Nf3 Bg7 5. Bf4 O-O 6. e3 c5 7. dxc5 Ne4 8. Rc1
Nxc3 9. bxc3 dxc4 10. Qxd8 Rxd8 11. Bxc4 Nd7 12. Bc7 Rf8 13. c6 bxc6 14. Nd4
Re8 15. O-O Nb6 16. Bxb6 axb6 17. Nxc6 1/2-1/2

[Event "Riga"]
[Site "Riga"]
[Date "1981.??.??"]
[Round "1"]
[White "Adorjan, Andras"]
[Black "Vitolinsh, Alvis"]
[Result "0-1"]
[WhiteElo "2530"]
[BlackElo "2455"]
[PlyCount "56"]
[EventDate "1981.08.01"]
[EventType "tourn"]
[EventRounds "15"]
[EventCountry "URS"]
[EventCategory "10"]
[Source "ChessBase"]
[SourceDate "1999.07.01"]
[WhiteTeamCountry "ENG"]
[BlackTeamCountry "HUN"]

1. c4 e6 2. Nc3 Bb4 3. e4 c5 4. Nb5 d6 5. a3 Ba5 6. b4 a6 7. Qg4 Kf8 8. bxa5
axb5 9. cxb5 e5 10. Qf3 Qxa5 11. Bc4 Nf6 12. Ne2 Nbd7 13. Qb3 Qa4 14. Qd3 d5
15. Bxd5 Nxd5 16. Qxd5 Qxb5 17. Nc3 Qc6 18. O-O Qxd5 19. Nxd5 b6 20. Rb1 Ba6
21. Re1 Rb8 22. a4 Bc4 23. Ba3 Bxd5 24. exd5 Ra8 25. Rxb6 Nxb6 26. Bxc5+ Ke8
27. Bxb6 Kd7 28. Rxe5 Rhb8 0-1

[Event "Riga"]
[Site "Riga"]
[Date "1981.??.??"]
[Round "2"]
[White "Ambroz, Jan"]
[Black "Adorjan, Andras"]
[Result "0-1"]
[WhiteElo "2485"]
[BlackElo "2530"]
[PlyCount "68"]
[EventDate "1981.08.01"]
[EventType "tourn"]
[EventRounds "15"]
[EventCountry "URS"]
[EventCategory "10"]
[Source "ChessBase"]
[SourceDate "1999.07.01"]
[WhiteTeamCountry "ENG"]
[BlackTeamCountry "HUN"]

1. e4 c5 2. Nf3 e6 3. c3 d5 4. exd5 Qxd5 5. d4 Nf6 6. Bd3 Be7 7. O-O O-O 8. Be3
Nc6 9. c4 Qh5 10. h3 cxd4 11. Nxd4 Nxd4 12. Bxd4 Rd8 13. Be3 Qe5 14. Nc3 b6 15.
Qf3 Ba6 16. Rad1 Rac8 17. Rfe1 Bd6 18. g3 Bc5 19. Bf4 Qh5 20. Qg2 Bd4 21. Rd2
Rd7 22. Be2 Qc5 23. Red1 Rcd8 24. Kh2 h6 25. Rxd4 Rxd4 26. Be3 e5 27. Nb5 Bxb5
28. cxb5 Qc2 29. Re1 Qxb2 30. Bxd4 exd4 31. Bd3 Qxa2 32. Rd1 Qd5 33. Qf1 Ne4
34. Qe2 Nc3 0-1

[Event "Riga"]
[Site "Riga"]
[Date "1981.??.??"]
[Round "3"]
[White "Adorjan, Andras"]
[Black "Gipslis, Aivars"]
[Result "1/2-1/2"]
[WhiteElo "2530"]
[BlackElo "2490"]
[PlyCount "26"]
[EventDate "1981.08.01"]
[EventType "tourn"]
[EventRounds "15"]
[EventCountry "URS"]
[EventCategory "10"]
[Source "ChessBase"]
[SourceDate "1999.07.01"]
[WhiteTeamCountry "ENG"]
[BlackTeamCountry "HUN"]

1. c4 e5 2. Nc3 Nf6 3. Nf3 Nc6 4. g3 Bb4 5. Bg2 O-O 6. O-O Bxc3 7. dxc3 e4 8.
Ne1 h6 9. Nc2 b6 10. Ne3 Bb7 11. f4 exf3 12. exf3 Ne7 13. Qc2 Re8 1/2-1/2